| 000 | 00977 a2200229 4500 | ||
|---|---|---|---|
| 001 | 35781 | ||
| 005 | 20260407155637.0 | ||
| 008 | 260407a1994 arg spa d | ||
| 003 | AR-UNSa-BCEJYS | ||
| 040 |
_aAR-UNSa-BCEJYS _bspa _cAR-UNSa-BCEJYS |
||
| 080 |
_a35 _xAdministración Pública |
||
| 245 | 1 | 0 |
_aEl gobierno del hombre por el hombre _pahora gobernar es administrar |
| 020 | _a950-521-081-7 | ||
| 264 | 1 |
_aBuenos Aires : _bTEA (Tipográfica Editora Argentina) _c1994 |
|
| 300 |
_a212 p. _c22 cm. |
||
| 505 | _a1. De la seguridad, el orden y el progreso - 2. La comunidad organizada - 3. Tipología del buen gobierno - 4. Patología del sistema - 5. El ideal del proceso perfectivo - 6. El gobierno de los hombres del dosmil cien | ||
| 041 | _aspa | ||
| 942 | _cBK | ||
| 590 | _aniveau_biblio:m niveau_hierar:0 | ||
| 100 | 1 | _aRodríguez Arias, Julio C. | |
| 856 | 4 | 1 |
_uhttps://biblioeco.unsa.edu.ar/pmb/images/libros/gobernarEsAdmin.jpg _yImagen de portada _qimage/jpeg |
| 999 |
_c2584 _d2584 |
||